Room on the broom / (Record no. 1744)

MARC details
000 -LEADER
fixed length control field 01002cam a2200301 a 4500
005 - DATE AND TIME OF LATEST TRANSACTION
control field 20231102145925.0
020 ## - INTERNATIONAL STANDARD BOOK NUMBER
International Standard Book Number 0803726570
020 ## - INTERNATIONAL STANDARD BOOK NUMBER
International Standard Book Number 9781447235262
040 ## - CATALOGING SOURCE
Original cataloging agency DLC
Transcribing agency DLC
Modifying agency DLC
Language of cataloging eng
050 00 - LIBRARY OF CONGRESS CALL NUMBER
Classification number PZ8.3.D7235
Item number Ro 2001
082 00 - DEWEY DECIMAL CLASSIFICATION NUMBER
Classification number 543
Edition number 21
100 1# - MAIN ENTRY--PERSONAL NAME
Personal name Donaldson, Julia.
245 10 - TITLE STATEMENT
Title Room on the broom /
Statement of responsibility, etc. by Julia Donaldson ; pictures by Axel Scheffler.
260 ## - PUBLICATION, DISTRIBUTION, ETC.
Place of publication, distribution, etc. New York :
Name of publisher, distributor, etc. Dial Books for Young Readers,
Date of publication, distribution, etc. 2001.
300 ## - PHYSICAL DESCRIPTION
Extent 29 pages :
Other physical details color illustrations ;
Dimensions 19 cm.
505 ## - FORMATTED CONTENTS NOTE
Formatted contents note O <br/>
520 ## - SUMMARY, ETC.
Summary, etc. A witch finds room on her broom for all the animals that ask for a ride, and they repay her kindness by rescuing her from a dragon.
521 ## - TARGET AUDIENCE NOTE
Target audience note 600<br/>
Source Lexile AD<br/>
521 ## - TARGET AUDIENCE NOTE
Target audience note O<br/><br/>
Source Raz-Plus <br/>
650 #1 - SUBJECT ADDED ENTRY--TOPICAL TERM
Topical term or geographic name entry element Witches
Form subdivision Fiction.
650 #1 - SUBJECT ADDED ENTRY--TOPICAL TERM
Topical term or geographic name entry element Animals
Form subdivision Fiction.
650 #1 - SUBJECT ADDED ENTRY--TOPICAL TERM
Topical term or geographic name entry element Dragons
Form subdivision Fiction.
650 #1 - SUBJECT ADDED ENTRY--TOPICAL TERM
Topical term or geographic name entry element Stories in rhyme.
700 1# - ADDED ENTRY--PERSONAL NAME
Personal name Scheffler, Axel,
Relator term illustrator
906 ## - LOCAL DATA ELEMENT F, LDF (RLIN)
a 7
b cbc
c orignew
d 1
e ocip
f 20
g y-gencatlg
942 ## - ADDED ENTRY ELEMENTS (KOHA)
Source of classification or shelving scheme Dewey Decimal Classification
Koha item type Books
Suppress in OPAC No
999 ## -
-- 1744
-- 1744
Holdings
Withdrawn status Lost status Source of classification or shelving scheme Damaged status Not for loan Home library Current library Shelving location Date acquired Total Checkouts Full call number Barcode Date last seen Price effective from Koha item type
    Dewey Decimal Classification     Footprints International School Library Network Toul Kork Campus Footprints International School Library Network Toul Kork Campus TK Primary Library Room(4th Floor), Bookcase 3&4, Shelves 17-32, Yellow Books 09/26/2023   DON 823.92 PZ8.D7235 FISTKG2B094 09/26/2023 09/26/2023 Books